logo

Bir Sreshtho Munshi Abdur Rouf Library
Jhenaidah Cadet College

Heath Science / (Record no. 6944)

MARC details
000 -LEADER
fixed length control field 00677pam a2200253 a 4500
001 - CONTROL NUMBER
JCCL Control Number 6944
003 - CONTROL NUMBER IDENTIFIER
JCCL marc code BD-JhCC
005 - DATE AND TIME OF LATEST TRANSACTION
control field 20180210165114.0
008 - FIXED-LENGTH DATA ELEMENTS--GENERAL INFORMATION
fixed length control field 860612s1981 c a 001 0 eng
020 ## - INTERNATIONAL STANDARD BOOK NUMBER
International Standard Book Number 0669056103
035 ## - SYSTEM CONTROL NUMBER
system control number (BD-JhCC) 6944
040 ## - CATALOGING SOURCE
Original cataloging agency BD-JhCC
Modifying agency BD-JhCC
041 ## - LANGUAGE CODE
Language code of Book eng
082 00 - DEWEY DECIMAL CLASSIFICATION NUMBER
Classification number 500
Author mark and Year BAR 1981
100 1# - MAIN ENTRY--PERSONAL NAME
Personal name Barufaldi, James p.
245 10 - TITLE STATEMENT
Title Heath Science /
Statement of responsibility, etc James p. Barufaldi; George T. Ladd and Alice Johson Moses
260 ## - PUBLICATION, DISTRIBUTION, ETC. (IMPRINT)
Place of publication, distribution, etc Toronto :
Name of publisher, distributor, etc D.C health company,
Date of publication, distribution, etc 1981.
300 ## - PHYSICAL DESCRIPTION
Pagination 358 p. :
Other physical details ill. ;
Dimensions 25 cm.
650 #0 - SUBJECT ADDED ENTRY--TOPICAL TERM
Topical term or geographic name as entry element Science
700 ## - ADDED ENTRY--PERSONAL NAME
Personal name Ladd, George T.
700 ## - ADDED ENTRY--PERSONAL NAME
Personal name Moses, Alice Johsan
942 ## - ADDED ENTRY ELEMENTS (KOHA)
Source of classification or shelving scheme Dewey Decimal Classification
Koha item type Books
Holdings
Source of classification or shelving scheme Damaged status Not for loan Home library Current library Shelving location Source of acquisition Total Checkouts Full call number Barcode Date last seen Copy number Koha item type
Dewey Decimal Classification     JCC Rouf Library JCC Rouf Library General Stacks The Asia Foundation   500 BAR 1981 7891 02/01/2018 C - 1 Books

JCC Library | Contacts | JCC Home

Last Update on 23 September 2017
Copyright @ 2017-2020 JCC Rouf Library
Rouf Library, Jhenidah Cadet College (JCC), Bangladesh